Introducción a la teoría de grafos /

Guardado en:
Autor Principal: Toranzos, Fausto A
Formato: Libro
Publicado: Washington : O.e.a., 1976
Materias:
Etiquetas: Agregar Etiqueta
Sin Etiquetas, Sea el primero en etiquetar este registro!
LEADER 00678nam a22001815a 4500
001 CEM.cems006294
005 20060214000000.0
008 130507s1976##################000#0#####d
003 CEMS
082 0 4 |a 512 
100 1 |a Toranzos, Fausto A 
245 1 0 |a Introducción a la teoría de grafos / 
260 |a Washington :  |b O.e.a.,  |c 1976 
300 |a 80 p. 
505 0 |a La matemática: ciencia y lenguaje de las ciencias; Conjuntos; Partes de un conjunto; Operaciónes entre conjuntos; Relaciónes; Relaciónes simetricas, transitivas y reflexivas; Funciónes; Operaciónes binarias 
653 |a Grafos 
653 |a Matematica 
859 |a CEMS  |b BIB. CEMS - 11 de abril  |h 512  |i T63  |p 9925.81  |t Ej.1